000 00351nam a22001337a 4500
999 _c529408
_d529408
020 _a1902343158
_qHard Cover.
082 _a658.4039
100 _aNCC
245 _aBusiness Systems Development and Implementation /
_cNCC
260 _aManchester.
300 _a264 p. :
942 _2ddc
_cBK